[Event "Kiev Spring op"]
[Site "Kiev"]
[Date "2021.07.14"]
[Round "6"]
[White "Kruts, Hryhoriy"]
[Black "Chubar, Vladimir"]
[Result "1-0"]
[WhiteElo "1640"]
[BlackElo "1926"]
[PlyCount "120"]
[EventDate "2021.07.10"]
[EventType "swiss"]
[EventRounds "9"]
[EventCountry "UKR"]
[SourceTitle "EXT 2024"]
[Source "ChessBase"]
[SourceDate "2023.10.10"]
[SourceVersion "1"]
[SourceVersionDate "2023.10.10"]
[SourceQuality "1"]

1. d4 e6 2. e4 d5 3. e5 Ne7 4. Nf3 Qd7 5. a4 a5 6. c3 h5 7. Na3 b6 8. Nc2 Nf5 9. Bf4 Ba6 10. Bd3 Bxd3 11. Qxd3 c5 12. b3 Nc6 13. h3 cxd4 14. Ncxd4 Nfxd4 15. Nxd4 Nxd4 16. Qxd4 Bc5 17. Qd3 d4 18. Rd1 Qc6 19. 0-0 dxc3 20. Rc1 Rc8 21. Rxc3 Bxf2+ 22. Rxf2 Qxc3 23. Qd6 Qc7 24. Qd3 0-0 25. Qg3 Rfd8 26. Be3 h4 27. Qf4 Rd1+ 28. Kh2 Qe7 29. Qg4 Rcc1 30. Bxc1 Rxc1 31. Qd4 Rc5 32. Rd2 Qg5 33. Qd8+ Qxd8 34. Rxd8+ Kh7 35. Rb8 Rxe5 36. Rxb6 Re1 37. Rb5 Rb1 38. Rxa5 Rxb3 39. Rh5+ Kg6 40. Rxh4 f5 41. Rc4 Ra3 42. h4 e5 43. Rc6+ Kf7 44. Rc7+ Ke6 45. Rxg7 Rxa4 46. Kg3 Ra3+ 47. Kf2 Kd5 48. Rd7+ Ke4 49. h5 Ra2+ 50. Kg1 Ra6 51. Rh7 f4 52. h6 Ke3 53. Re7 e4 54. h7 Rh6 55. Ra7 Kd2 56. Ra2+ Kc3 57. Ra3+ Kd2 58. Rh3 Rxh7 59. Rxh7 Ke2 60. Rf7 Ke3 1-0